[Event "Vigevano op 1st"]
[Site "Vigevano"]
[Date "2025.05.31"]
[Round "1"]
[White "Coqueraut, Jean Dominique"]
[Black "Cereda, Loris"]
[Result "0-1"]
[WhiteElo "1747"]
[BlackElo "2322"]
[PlyCount "36"]
[EventDate "2025.05.31"]
[EventType "swiss"]
[EventRounds "7"]
[EventCountry "ITA"]
[SourceTitle "CB23_2025"]
[SourceDate "2025.06.04"]
[SourceVersion "1"]
[SourceVersionDate "2025.06.04"]
[SourceQuality "1"]

1. d4 d5 2. Nf3 Nf6 3. Bf4 c5 4. e3 Nc6 5. c4 Bg4 6. cxd5 Nxd5 7. Bc4 Nxf4 8. Bxf7+ Kxf7 9. Ng5+ Ke8 10. Qxg4 Nd3+ 11. Ke2 cxd4 12. Nxh7 Nde5 13. Qh3 Qb6 14. Nd2 Qb5+ 15. Kd1 dxe3 16. fxe3 Rd8 17. Nf6+ gxf6 18. Qxh8 Rxd2+ 0-1

[Event "Arco op 46th"]
[Site "Arco"]
[Date "2024.10.08"]
[Round "4"]
[White "Coqueraut, Jean Dominique"]
[Black "Aegerter, Klaus"]
[Result "1-0"]
[WhiteElo "1677"]
[BlackElo "1830"]
[PlyCount "83"]
[EventDate "2024.10.05"]
[EventType "swiss"]
[EventRounds "9"]
[EventCountry "ITA"]
[SourceTitle "CB44_2024"]
[Source "Chessbase"]
[SourceDate "2024.10.30"]
[SourceVersion "1"]
[SourceVersionDate "2024.10.30"]
[SourceQuality "1"]

1. d4 g6 2. e4 Bg7 3. g3 d6 4. Bg2 Nf6 5. c3 0-0 6. Ne2 Nbd7 7. 0-0 e5 8. f4 exf4 9. Bxf4 Re8 10. Nd2 Nf8 11. Qc2 Ne6 12. Rae1 c6 13. Kh1 Ng4 14. h3 Nf6 15. Be3 Nh5 16. Nf3 h6 17. g4 Nf6 18. Ng3 Nh7 19. Qd2 g5 20. Nf5 Bf8 21. e5 d5 22. Ng3 Ng7 23. Qd3 Be6 24. Nf5 Bxf5 25. gxf5 Nh5 26. Kh2 Qc7 27. Bd2 N7f6 28. Bh1 Ne4 29. Rxe4 dxe4 30. Qxe4 Rad8 31. h4 Nf6 32. Qe1 g4 33. Qg3 h5 34. Re1 Kh8 35. Ng5 Ng8 36. Bf4 Qb6 37. Nxf7+ Kg7 38. Nxd8 Qxb2+ 39. Bg2 Rxd8 40. Bg5 Rd5 41. f6+ Kh8 42. Qd3 1-0

[Event "Arco op 46th"]
[Site "Arco"]
[Date "2024.10.06"]
[Round "2"]
[White "Coqueraut, Jean Dominique"]
[Black "Bruening, Martin"]
[Result "0-1"]
[WhiteElo "1677"]
[BlackElo "1840"]
[PlyCount "124"]
[EventDate "2024.10.05"]
[EventType "swiss"]
[EventRounds "9"]
[EventCountry "ITA"]
[SourceTitle "CB44_2024"]
[Source "Chessbase"]
[SourceDate "2024.10.30"]
[SourceVersion "1"]
[SourceVersionDate "2024.10.30"]
[SourceQuality "1"]

1. Nf3 d5 2. d4 Nf6 3. c4 e6 4. Nc3 Be7 5. g3 0-0 6. cxd5 exd5 7. Bg2 c6 8. 0-0 Bf5 9. Bf4 Nbd7 10. Qb3 Qb6 11. Qxb6 Nxb6 12. b3 Rfe8 13. Bd2 Ne4 14. Nxe4 Bxe4 15. Ne5 Bxg2 16. Kxg2 Bd6 17. Bf4 f6 18. Nd3 Bxf4 19. Nxf4 g5 20. Nh5 Rxe2 21. Nxf6+ Kg7 22. Kf3 Re6 23. Ng4 Rf8+ 24. Kg2 Re4 25. Ne3 Rxd4 26. Rad1 Rxd1 27. Rxd1 Nc8 28. f3 Re8 29. Kf2 Nd6 30. h3 Kg6 31. Rd3 Nf5 32. Nc2 h5 33. g4 hxg4 34. hxg4 Ng7 35. Ne3 Ne6 36. Nf5 Nf4 37. Rd2 Rh8 38. Ke3 Re8+ 39. Kf2 b6 40. Ne3 Kf6 41. Nf5 c5 42. Nd6 Re7 43. Nb5 d4 44. Nd6 Rh7 45. Ne4+ Kg6 46. a3 Rh2+ 47. Kf1 Rxd2 48. Nxd2 b5 49. Kf2 Nd5 50. Ke2 Nf4+ 51. Kf2 Ne6 52. Ke2 Kf6 53. Kf2 Ke5 54. Kg3 Kd5 55. Ne4 c4 56. bxc4+ bxc4 57. Kf2 c3 58. Ke1 Kc4 59. Kd1 d3 60. Nxg5 Nxg5 61. f4 Ne4 62. g5 Nd6 0-1

[Event "Arco op 46th"]
[Site "Arco"]
[Date "2024.10.05"]
[Round "1"]
[White "Kind, Michael"]
[Black "Coqueraut, Jean Dominique"]
[Result "1-0"]
[WhiteElo "1976"]
[BlackElo "1677"]
[PlyCount "131"]
[EventDate "2024.10.05"]
[EventType "swiss"]
[EventRounds "9"]
[EventCountry "ITA"]
[SourceTitle "CB44_2024"]
[Source "Chessbase"]
[SourceDate "2024.10.30"]
[SourceVersion "1"]
[SourceVersionDate "2024.10.30"]
[SourceQuality "1"]

1. Nf3 d5 2. b3 e6 3. Bb2 Nf6 4. g3 c5 5. e3 Nc6 6. Bg2 Bd7 7. 0-0 Be7 8. d3 0-0 9. Nbd2 Qc7 10. c4 b6 11. Qe2 Rad8 12. Rac1 Bc8 13. cxd5 exd5 14. d4 cxd4 15. Nxd4 Nxd4 16. Bxd4 Qd7 17. Nf3 Bb7 18. Ne5 Qd6 19. Bh3 a6 20. Nd3 Nd7 21. Bxd7 Rxd7 22. Qg4 g6 23. Be5 Qe6 24. Qd4 f6 25. Bc7 Bd8 26. Nf4 Qe4 27. Bxb6 Qxd4 28. Bxd4 Kf7 29. Rfd1 Be7 30. Bb6 g5 31. Nd3 Ba3 32. Rc2 Rc8 33. Rcd2 Rd6 34. Ba5 Rdc6 35. Bb4 Bc1 36. Re2 Ke6 37. Ree1 a5 38. Bxa5 Ba3 39. b4 Ra6 40. Rb1 Rc3 41. Nc5+ Rxc5 42. bxc5 Bc6 43. Bb6 Ra4 44. Rb3 Bb4 45. Reb1 Ba3 46. Kf1 Ke5 47. Bc7+ Ke6 48. Ke2 Kd7 49. Bb6 f5 50. f3 h5 51. Kd3 d4 52. e4 fxe4+ 53. fxe4 Ke6 54. Bc7 Kd7 55. Bd6 Ra5 56. Rb7+ Bxb7 57. Rxb7+ Kc8 58. Rc7+ Kd8 59. Kxd4 Bxc5+ 60. Rxc5 Rxa2 61. h4 gxh4 62. gxh4 Kd7 63. Bf4 Ra4+ 64. Ke5 Ra6 65. Kf5 Ra7 66. Kg5 1-0

[Event "Lugano New Year op"]
[Site "Lugano"]
[Date "2022.01.02"]
[Round "1"]
[White "Reinhardt, Bernd"]
[Black "Coqueraut, Jean Dominique"]
[Result "1-0"]
[WhiteElo "2145"]
[BlackElo "1560"]
[PlyCount "71"]
[EventDate "2022.01.02"]
[EventType "swiss"]
[EventRounds "5"]
[EventCountry "SUI"]
[SourceTitle "EXT 2023"]
[Source "ChessBase"]
[SourceDate "2022.10.05"]
[SourceVersion "1"]
[SourceVersionDate "2022.10.05"]
[SourceQuality "1"]

1. Nf3 d5 2. d4 c6 3. c3 Bf5 4. Bf4 Nf6 5. Nbd2 e6 6. e3 h6 7. Be2 Nbd7 8. h3 Be7 9. 0-0 0-0 10. c4 Ne4 11. Nxe4 Bxe4 12. Nd2 Bh7 13. Re1 Nf6 14. Qb3 Qc8 15. Bf3 Re8 16. e4 dxe4 17. Nxe4 Bxe4 18. Bxe4 Nxe4 19. Rxe4 Bf6 20. Qf3 Qd8 21. Rd1 Bg5 22. Bxg5 Qxg5 23. Rg4 Qe7 24. Qf4 g5 25. h4 f5 26. Rg3 g4 27. Qxh6 Qh7 28. Qg5+ Kf7 29. Re3 Rg8 30. Qf4 Qxh4 31. d5 cxd5 32. cxd5 Rh8 33. dxe6+ Kg8 34. Kf1 Qh1+ 35. Ke2 Qxg2 36. Qg5+ 1-0

[Event "Arco op 43rd"]
[Site "Arco"]
[Date "2021.10.11"]
[Round "3"]
[White "Galimberti, Maurizio"]
[Black "Coqueraut, Jean Dominique"]
[Result "1-0"]
[WhiteElo "1445"]
[BlackElo "1603"]
[PlyCount "25"]
[EventDate "2021.10.09"]
[EventType "swiss"]
[EventRounds "9"]
[EventCountry "ITA"]
[SourceTitle "CBM 204 Extra"]
[Source "ChessBase"]
[SourceDate "2021.11.30"]
[SourceVersion "1"]
[SourceVersionDate "2021.11.30"]
[SourceQuality "1"]

1. d4 d5 2. Nc3 e6 3. Bf4 c5 4. e3 Nc6 5. Nf3 Nf6 6. Nb5 e5 7. dxe5 Qa5+ 8. c3 Ne4 9. Qxd5 Bf5 10. Bc4 Nd8 11. Nfd4 Bg6 12. e6 f6 13. Qd7# 1-0

[Event "Arco op 43rd"]
[Site "Arco"]
[Date "2021.10.10"]
[Round "2"]
[White "Coqueraut, Jean Dominique"]
[Black "Davini, Andrea"]
[Result "0-1"]
[WhiteElo "1603"]
[BlackElo "1825"]
[PlyCount "56"]
[EventDate "2021.10.09"]
[EventType "swiss"]
[EventRounds "9"]
[EventCountry "ITA"]
[SourceTitle "CBM 204 Extra"]
[Source "ChessBase"]
[SourceDate "2021.11.30"]
[SourceVersion "1"]
[SourceVersionDate "2021.11.30"]
[SourceQuality "1"]

1. e4 c5 2. c4 Nc6 3. Nf3 g6 4. d4 cxd4 5. Nxd4 Bg7 6. Be3 Nf6 7. f3 0-0 8. Nc3 d6 9. Nxc6 bxc6 10. Bd3 d5 11. cxd5 cxd5 12. exd5 Nxd5 13. Nxd5 Qxd5 14. Be4 Qe5 15. Bxa8 Qxe3+ 16. Qe2 Qxe2+ 17. Kxe2 Ba6+ 18. Kf2 Rxa8 19. Rab1 Bd4+ 20. Kg3 e5 21. b4 Bb5 22. h4 f5 23. Rhd1 Rd8 24. Kh3 e4 25. fxe4 fxe4 26. Re1 e3 27. g3 e2 28. a4 Bd3 0-1

[Event "Arco op 41st"]
[Site "Arco"]
[Date "2019.10.04"]
[Round "1"]
[White "Coqueraut, Jean Dominique"]
[Black "Von Wantoch Rekowski, Markus"]
[Result "1/2-1/2"]
[WhiteElo "1589"]
[BlackElo "1972"]
[PlyCount "50"]
[EventDate "2019.10.04"]
[EventType "swiss"]
[EventRounds "9"]
[EventCountry "ITA"]
[SourceTitle "EXT 2020"]
[Source "ChessBase"]
[SourceDate "2019.10.17"]
[SourceVersion "1"]
[SourceVersionDate "2019.10.17"]
[SourceQuality "1"]

1. d4 Nf6 2. c4 e6 3. Nc3 Bb4 4. Qc2 b6 5. Bg5 Bb7 6. f3 d5 7. e3 h6 8. Bh4 Nbd7 9. Bd3 0-0 10. Nge2 Rc8 11. cxd5 exd5 12. 0-0 c5 13. Bf2 c4 14. Bf5 Re8 15. Rfe1 a6 16. g3 Bf8 17. Bh3 b5 18. a3 g5 19. Bg2 g4 20. Nf4 Nb6 21. fxg4 Nxg4 22. Re2 Bg7 23. h3 Nf6 24. Rae1 Rc7 25. Kh2 Rce7 1/2-1/2

[Event "Arco op 40th"]
[Site "Arco"]
[Date "2018.10.19"]
[Round "7"]
[White "Coqueraut, Jean Dominique"]
[Black "Morselli, Stefano"]
[Result "1-0"]
[WhiteElo "1657"]
[BlackElo "1762"]
[PlyCount "39"]
[EventDate "2018.10.13"]
[EventType "swiss"]
[EventRounds "9"]
[EventCountry "ITA"]
[SourceTitle "CBM 186 Extra"]
[Source "ChessBase"]
[SourceDate "2018.08.24"]
[SourceVersion "1"]
[SourceVersionDate "2018.08.24"]
[SourceQuality "1"]

1. e4 d6 2. d4 Nf6 3. Bd3 g6 4. Ne2 Bg7 5. 0-0 0-0 6. c4 Nc6 7. Nbc3 e5 8. d5 Ne7 9. f3 h6 10. Be3 Nh7 11. Qd2 f5 12. f4 exf4 13. Nxf4 g5 14. Ne6 Bxe6 15. dxe6 f4 16. Bf2 Rf6 17. c5 d5 18. exd5 Nxd5 19. Bxh7+ Kxh7 20. Qxd5 1-0

[Event "Arco op 40th"]
[Site "Arco"]
[Date "2018.10.13"]
[Round "1"]
[White "Coqueraut, Jean Dominique"]
[Black "Fehr, Axel"]
[Result "0-1"]
[WhiteElo "1657"]
[BlackElo "2033"]
[PlyCount "68"]
[EventDate "2018.10.13"]
[EventType "swiss"]
[EventRounds "9"]
[EventCountry "ITA"]
[SourceTitle "CBM 186 Extra"]
[Source "ChessBase"]
[SourceDate "2018.08.24"]
[SourceVersion "1"]
[SourceVersionDate "2018.08.24"]
[SourceQuality "1"]

1. d4 Nf6 2. Nf3 g6 3. g3 Bg7 4. Bg2 0-0 5. c4 d6 6. Nc3 Nc6 7. 0-0 Bf5 8. a3 Ne4 9. Nxe4 Bxe4 10. e3 a5 11. Qe2 a4 12. Bd2 e5 13. d5 Nb8 14. Bc3 Na6 15. Nd2 Bxg2 16. Kxg2 Qd7 17. e4 Rae8 18. f4 f5 19. fxe5 Bxe5 20. Bxe5 Rxe5 21. Rae1 Nc5 22. Qf3 Rfe8 23. Re3 Nxe4 24. Nxe4 Rxe4 25. Rxe4 Rxe4 26. Rc1 Qg7 27. Rc2 Qd4 28. Qf2 Re3 29. Qf4 Qxf4 30. gxf4 b6 31. Kf2 Rb3 32. Re2 Kf7 33. Kg2 Rd3 34. Kf2 Rd4 0-1

[Event "Nichelino Berruto Memorial 19th"]
[Site "Nichelino"]
[Date "2016.02.12"]
[Round "1"]
[White "Coqueraut, Jean Dominique"]
[Black "Gaudenzi, Mauro"]
[Result "1-0"]
[WhiteElo "1731"]
[BlackElo "1281"]
[PlyCount "73"]
[EventDate "2016.02.12"]
[EventType "swiss"]
[EventRounds "6"]
[EventCountry "ITA"]
[SourceTitle "EXT 2018"]
[Source "ChessBase"]
[SourceDate "2017.10.13"]
[SourceVersion "1"]
[SourceVersionDate "2017.10.13"]
[SourceQuality "1"]

1. d4 d5 2. c4 Nf6 3. Nc3 e6 4. Bg5 Bb4 5. Nf3 Nbd7 6. e3 c5 7. cxd5 exd5 8. dxc5 Nxc5 9. Bb5+ Ncd7 10. Qd4 Bxc3+ 11. Qxc3 0-0 12. Bxd7 Bxd7 13. Bxf6 Qxf6 14. Qxf6 gxf6 15. Kd2 Rfe8 16. Nd4 f5 17. f4 Rac8 18. Rac1 Rxc1 19. Rxc1 a6 20. Rc7 Bc8 21. b4 b5 22. Nc6 f6 23. Rxc8 Rxc8 24. Ne7+ Kf7 25. Nxc8 h5 26. Kd3 Ke6 27. Kd4 Kd7 28. Nb6+ Ke6 29. Nxd5 Kf7 30. Nc7 Ke7 31. Kd5 Kd7 32. Nxa6 h4 33. h3 Kc8 34. Kd6 Kd8 35. Nc7 Kc8 36. Nxb5 Kb8 37. Nd4 1-0

[Event "Lugano New op-B 8th"]
[Site "Lugano"]
[Date "2015.04.06"]
[Round "6"]
[White "Coqueraut, Jean Dominique"]
[Black "Belli, Francesco"]
[Result "1/2-1/2"]
[WhiteElo "1705"]
[BlackElo "1644"]
[PlyCount "53"]
[EventDate "2015.04.03"]
[EventType "swiss"]
[EventRounds "6"]
[EventCountry "SUI"]
[SourceTitle "CBM 165 Extra"]
[Source "ChessBase"]
[SourceDate "2015.04.21"]
[SourceVersion "1"]
[SourceVersionDate "2015.04.21"]
[SourceQuality "1"]

1. d4 d5 2. Nf3 Nf6 3. g3 e6 4. Bg2 Be7 5. 0-0 0-0 6. Nbd2 Nbd7 7. c4 b6 8. Ne5 Bb7 9. cxd5 exd5 10. Ndf3 Re8 11. Be3 Bd6 12. Nxd7 Qxd7 13. Rc1 Ba6 14. Rc2 Re7 15. Re1 h6 16. a3 Rae8 17. Bc1 Qa4 18. e3 Bc4 19. Nd2 Bd3 20. Rc3 Qxd1 21. Rxd1 Ba6 22. b4 Ne4 23. Bxe4 dxe4 24. Nc4 Rd7 25. Nxd6 cxd6 26. Bb2 d5 27. a4 1/2-1/2

[Event "Lugano New op-B 8th"]
[Site "Lugano"]
[Date "2015.04.05"]
[Round "4"]
[White "Coqueraut, Jean Dominique"]
[Black "Prete, Alessandro"]
[Result "0-1"]
[WhiteElo "1705"]
[BlackElo "1924"]
[PlyCount "112"]
[EventDate "2015.04.03"]
[EventType "swiss"]
[EventRounds "6"]
[EventCountry "SUI"]
[SourceTitle "CBM 165 Extra"]
[Source "ChessBase"]
[SourceDate "2015.04.21"]
[SourceVersion "1"]
[SourceVersionDate "2015.04.21"]
[SourceQuality "1"]

1. c4 b6 2. Nc3 Bb7 3. e4 e6 4. d4 Bb4 5. Bd3 f5 6. Qe2 Nf6 7. f3 fxe4 8. fxe4 Bxc3+ 9. bxc3 Nxe4 10. Qh5+ g6 11. Qe5 Qf6 12. Qxf6 Nxf6 13. Nf3 Ne4 14. Bxe4 Bxe4 15. Ke2 0-0 16. Rf1 Nc6 17. Bh6 Bxf3+ 18. Rxf3 Rxf3 19. gxf3 Ne7 20. Rb1 Nf5 21. Bf4 Rf8 22. Bd2 Nd6 23. c5 Nc4 24. Bh6 Rf5 25. cxb6 axb6 26. Rb4 Na5 27. Be3 d5 28. Bf2 g5 29. Bg3 Rf7 30. h3 h5 31. Bh2 Kg7 32. Rb1 Kg6 33. Rg1 Kf5 34. f4 g4 35. Kd3 c5 36. dxc5 bxc5 37. Re1 Nc4 38. Bg1 Ra7 39. hxg4+ hxg4 40. Re2 Ra5 41. Bh2 Rb5 42. Bg1 g3 43. a4 Rb1 44. Bxc5 Ra1 45. Bf8 Rf1 46. Bc5 Rxf4 47. Kc2 e5 48. Kb3 Na5+ 49. Ka3 Nc6 50. Bb6 d4 51. cxd4 Rf3+ 52. Ka2 Rf2 53. Rb2 Rxb2+ 54. Kxb2 Nxd4 55. a5 g2 56. Bxd4 exd4 0-1

[Event "Pontresina St Moritz op 1st"]
[Site "Pontresina"]
[Date "2015.02.25"]
[Round "1"]
[White "Coqueraut, Jean Dominique"]
[Black "Boschetti, Claudio"]
[Result "0-1"]
[WhiteElo "1708"]
[BlackElo "2130"]
[PlyCount "52"]
[EventDate "2015.02.25"]
[EventType "swiss"]
[EventRounds "5"]
[EventCountry "SUI"]
[SourceTitle "CBM 165 Extra"]
[Source "ChessBase"]
[SourceDate "2015.04.21"]
[SourceVersion "1"]
[SourceVersionDate "2015.04.21"]
[SourceQuality "1"]

1. d4 Nf6 2. g3 e5 3. dxe5 Ng4 4. Bg2 Bc5 5. e3 Nxe5 6. Nf3 Nxf3+ 7. Qxf3 0-0 8. 0-0 Nc6 9. c3 Ne5 10. Qd5 Qe7 11. b4 Bb6 12. Na3 c6 13. Qd1 d5 14. e4 dxe4 15. Bxe4 Ng4 16. Qc2 f5 17. Bg2 Be6 18. h3 Nf6 19. Bd2 a5 20. Nb1 axb4 21. cxb4 Nd5 22. a3 f4 23. Bxd5 Bxd5 24. Bxf4 Rxf4 25. gxf4 Qh4 26. Qf5 Qg3# 0-1

[Event "Bratto op-B 34th"]
[Site "Bratto"]
[Date "2014.08.29"]
[Round "7"]
[White "Papa, Angelo"]
[Black "Coqueraut, Jean Dominique"]
[Result "1-0"]
[WhiteElo "1754"]
[BlackElo "1794"]
[PlyCount "88"]
[EventDate "2014.08.23"]
[EventType "swiss"]
[EventRounds "8"]
[EventCountry "ITA"]
[SourceTitle "EXT 2017"]
[Source "ChessBase"]
[SourceDate "2016.10.25"]
[SourceVersion "1"]
[SourceVersionDate "2016.10.25"]
[SourceQuality "1"]

1. d4 Nf6 2. c4 d6 3. Nc3 g6 4. e4 Bg7 5. f3 Nbd7 6. Nh3 c6 7. Nf2 e5 8. d5 Nb6 9. Be3 0-0 10. Bd3 Bd7 11. 0-0 Nh5 12. c5 dxc5 13. Bxc5 Re8 14. a4 Nf4 15. g3 Qg5 16. a5 Nc8 17. Kh1 Nxd3 18. Qxd3 Rd8 19. Rad1 Be8 20. Qc4 b5 21. Qe2 a6 22. b4 Bf8 23. Bxf8 Kxf8 24. Nd3 Nd6 25. Nc5 Qf6 26. f4 Kg8 27. dxc6 Bxc6 28. Nd5 Bxd5 29. Rxd5 exf4 30. e5 Qe7 31. gxf4 Nf5 32. Rfd1 Rxd5 33. Rxd5 Qh4 34. Qd2 Qg4 35. Rd8+ Rxd8 36. Qxd8+ Kg7 37. Qf6+ Kh6 38. Qg5+ Qxg5 39. fxg5+ Kxg5 40. Nxa6 Ne3 41. Nc7 Nc4 42. Nxb5 Kf5 43. Nd6+ Nxd6 44. exd6 Ke6 1-0

[Event "Bratto op-B 34th"]
[Site "Bratto"]
[Date "2014.08.28"]
[Round "6"]
[White "Coqueraut, Jean Dominique"]
[Black "Lavorgna, Filippo"]
[Result "0-1"]
[WhiteElo "1794"]
[BlackElo "1753"]
[PlyCount "82"]
[EventDate "2014.08.23"]
[EventType "swiss"]
[EventRounds "8"]
[EventCountry "ITA"]
[SourceTitle "EXT 2017"]
[Source "ChessBase"]
[SourceDate "2016.10.25"]
[SourceVersion "1"]
[SourceVersionDate "2016.10.25"]
[SourceQuality "1"]

1. d4 Nf6 2. c4 e6 3. Nf3 d5 4. e3 Be7 5. Nc3 0-0 6. Bd3 b6 7. cxd5 exd5 8. 0-0 Ba6 9. a3 Bxd3 10. Qxd3 c5 11. b3 Nbd7 12. Bb2 Qc7 13. Rac1 Qb7 14. Rfe1 Rfe8 15. e4 cxd4 16. Nxd4 Nc5 17. Qb5 dxe4 18. Rc2 Nd3 19. Ree2 Nxb2 20. Rxb2 Bxa3 21. Rbd2 Rac8 22. Nd1 Bc5 23. Nf5 a6 24. Qa4 b5 25. Qa1 Red8 26. Nde3 Bb4 27. Rxd8+ Rxd8 28. g3 Qc6 29. Kg2 g6 30. Nh6+ Kg7 31. Nhg4 Bc3 32. Qc1 Nxg4 33. Nxg4 e3+ 34. f3 Rd2 35. Rxd2 exd2 36. Qd1 Qe6 37. Nf2 Qe1 38. Qc2 Bd4 39. Nd1 Qe2+ 40. Kh3 h5 41. Qe4 Qf1+ 0-1

[Event "Bratto op-B 34th"]
[Site "Bratto"]
[Date "2014.08.26"]
[Round "4"]
[White "Coqueraut, Jean Dominique"]
[Black "Oppici, Gabriele"]
[Result "0-1"]
[WhiteElo "1794"]
[BlackElo "1963"]
[PlyCount "100"]
[EventDate "2014.08.23"]
[EventType "swiss"]
[EventRounds "8"]
[EventCountry "ITA"]
[SourceTitle "EXT 2017"]
[Source "ChessBase"]
[SourceDate "2016.10.25"]
[SourceVersion "1"]
[SourceVersionDate "2016.10.25"]
[SourceQuality "1"]

1. d4 d6 2. c4 Nf6 3. Nc3 Nbd7 4. Nf3 e5 5. e4 Be7 6. d5 Nc5 7. Qc2 a5 8. a4 0-0 9. Be2 Ne8 10. Be3 Na6 11. 0-0 f5 12. exf5 Bxf5 13. Qd2 Nb4 14. Rac1 Nf6 15. h3 Qd7 16. Nh2 Qe8 17. Kh1 c6 18. b3 Kh8 19. g4 Bg6 20. f3 Qd7 21. Rf2 Rac8 22. Kg1 Bf7 23. dxc6 bxc6 24. Ne4 d5 25. Nxf6 gxf6 26. Bb6 Rb8 27. c5 Bd8 28. Bxd8 Rbxd8 29. Nf1 Rg8 30. Ng3 Bg6 31. Rd1 Qe7 32. Rc1 Rge8 33. Rff1 Rf8 34. f4 e4 35. f5 Bf7 36. Qd4 Rg8 37. Kh2 Rde8 38. h4 Qe5 39. Qxe5 Rxe5 40. Rf4 Rge8 41. g5 d4 42. Bh5 Bxh5 43. Nxh5 Nd3 44. Nxf6 Nxf4 45. Nxe8 Rxe8 46. Rf1 e3 47. f6 e2 48. f7 Rf8 49. Rxf4 e1Q 50. Kh3 Qe6+ 0-1

[Event "Bratto op-B 34th"]
[Site "Bratto"]
[Date "2014.08.23"]
[Round "1"]
[White "Girgenti, Giuseppe"]
[Black "Coqueraut, Jean Dominique"]
[Result "1-0"]
[WhiteElo "1960"]
[BlackElo "1794"]
[PlyCount "149"]
[EventDate "2014.08.23"]
[EventType "swiss"]
[EventRounds "8"]
[EventCountry "ITA"]
[SourceTitle "EXT 2017"]
[Source "ChessBase"]
[SourceDate "2016.10.25"]
[SourceVersion "1"]
[SourceVersionDate "2016.10.25"]
[SourceQuality "1"]

1. e4 d6 2. d4 e5 3. dxe5 dxe5 4. Qxd8+ Kxd8 5. Bc4 f6 6. Nc3 c6 7. Be3 Bb4 8. Nge2 Kc7 9. 0-0-0 Ne7 10. a3 Bxc3 11. Nxc3 Rd8 12. Bc5 Ng6 13. Rxd8 Kxd8 14. Rd1+ Ke8 15. Bg8 h6 16. Bh7 Kf7 17. Bxg6+ Kxg6 18. Rd8 Na6 19. Bxa7 Rxa7 20. Rxc8 Nc5 21. Rd8 Kf7 22. Rd2 Ke7 23. f3 Ne6 24. Ne2 b5 25. c3 Nc5 26. Kc2 Ra8 27. Nc1 Ra7 28. Nd3 Ne6 29. Nb4 Rc7 30. b3 Rc8 31. Kb2 Nc5 32. Kc2 h5 33. Nd3 Ne6 34. b4 Ra8 35. Kb2 Ra7 36. Nc1 Nf8 37. Nb3 Nd7 38. Na5 Rc7 39. Kb3 Nb6 40. c4 g5 41. c5 Nc8 42. a4 Ke6 43. axb5 cxb5 44. Kc3 h4 45. Nb3 Ke7 46. Na1 Nb6 47. Kb3 Nc4 48. Ra2 Rd7 49. Kc3 Rd1 50. Ra7+ Rd7 51. Rxd7+ Kxd7 52. Nc2 Kc6 53. Kd3 Nb2+ 54. Ke2 Na4 55. Kd2 Kd7 56. Ne3 Kc6 57. Kc2 Nxc5 58. bxc5 Kxc5 59. Nf5 Kc4 60. Nd6+ Kd4 61. Nxb5+ Ke3 62. Nc3 Kf2 63. Kd2 h3 64. Nd1+ Kxg2 65. Ke2 Kxh2 66. Kf2 Kh1 67. Ne3 Kh2 68. Ng4+ Kh1 69. Nxf6 g4 70. Nxg4 h2 71. f4 exf4 72. e5 f3 73. Nxh2 Kxh2 74. e6 Kh3 75. e7 1-0

[Event "Torino Sada op"]
[Site "Torino"]
[Date "2012.10.22"]
[Round "6"]
[White "Mattavelli, Italo"]
[Black "Coqueraut, Jean Dominique"]
[Result "0-1"]
[WhiteElo "1784"]
[BlackElo "1821"]
[PlyCount "72"]
[EventDate "2012.09.17"]
[EventType "swiss"]
[EventRounds "7"]
[EventCountry "ITA"]
[SourceTitle "EXT 2018"]
[Source "ChessBase"]
[SourceDate "2017.10.13"]
[SourceVersion "1"]
[SourceVersionDate "2017.10.13"]
[SourceQuality "1"]

1. e4 d6 2. d4 Nf6 3. Bd3 e5 4. c3 Be7 5. Nf3 Nbd7 6. 0-0 0-0 7. Bg5 c5 8. dxe5 Nxe5 9. Nxe5 dxe5 10. Qe2 Be6 11. a4 Qc7 12. Na3 a6 13. h3 Rfc8 14. f4 c4 15. Nxc4 Bxc4 16. Bxc4 exf4 17. Bxf6 Bxf6 18. Bd5 Be5 19. Rad1 Rf8 20. Rd2 Rac8 21. Rfd1 Qc5+ 22. Qf2 Qe3 23. Bxb7 Rc4 24. Qxe3 fxe3 25. Rd5 Rxe4 26. Bxa6 Bg3 27. Be2 Rxa4 28. b4 Ra2 29. Kf1 Rc2 30. c4 g6 31. c5 Kg7 32. b5 Ra8 33. Bd3 Rf2+ 34. Kg1 Raa2 35. Be4 e2 36. Re1 Rf4 0-1

[Event "Torino Sada op"]
[Site "Torino"]
[Date "2012.09.24"]
[Round "2"]
[White "Martini, Giorgio"]
[Black "Coqueraut, Jean Dominique"]
[Result "0-1"]
[WhiteElo "1728"]
[BlackElo "1821"]
[PlyCount "72"]
[EventDate "2012.09.17"]
[EventType "swiss"]
[EventRounds "7"]
[EventCountry "ITA"]
[SourceTitle "EXT 2018"]
[Source "ChessBase"]
[SourceDate "2017.10.13"]
[SourceVersion "1"]
[SourceVersionDate "2017.10.13"]
[SourceQuality "1"]

1. d4 d5 2. c4 e6 3. Nc3 Nf6 4. cxd5 exd5 5. Bg5 c6 6. Qc2 Be7 7. e3 Nbd7 8. Bd3 0-0 9. Nge2 h6 10. Bh4 Re8 11. f3 Nf8 12. 0-0 Nh5 13. Bf2 Be6 14. Rad1 Rc8 15. Ng3 Nxg3 16. Bxg3 Bd6 17. Bxd6 Qxd6 18. Qf2 b6 19. e4 f6 20. Rfe1 Bf7 21. Bb1 Re7 22. a3 Rce8 23. Qc2 a5 24. Ba2 b5 25. Ne2 dxe4 26. Bxf7+ Kxf7 27. Qb3+ Qe6 28. d5 cxd5 29. Nf4 Qb6+ 30. Kf1 exf3 31. Rxe7+ Rxe7 32. Nxd5 fxg2+ 33. Kxg2 Re2+ 34. Kg3 Qf2+ 35. Kh3 Qg2+ 36. Kh4 Ng6+ 0-1

[Event "ITA-ch B"]
[Site "Civitanova Marche"]
[Date "2012.07.19"]
[Round "5"]
[White "De Grandi, Samuele"]
[Black "Coqueraut, Jean Dominique"]
[Result "0-1"]
[WhiteElo "1655"]
[BlackElo "1809"]
[PlyCount "58"]
[EventDate "2012.07.15"]
[EventType "swiss"]
[EventRounds "8"]
[EventCountry "ITA"]
[SourceTitle "EXT 2023"]
[Source "ChessBase"]
[SourceDate "2022.10.05"]
[SourceVersion "1"]
[SourceVersionDate "2022.10.05"]
[SourceQuality "1"]

1. c4 e5 2. g3 c6 3. d4 e4 4. Nc3 Nf6 5. Nh3 d5 6. Bg5 Bb4 7. Qb3 Bxc3+ 8. Qxc3 h6 9. Bxf6 Qxf6 10. cxd5 0-0 11. dxc6 Nxc6 12. d5 Qxc3+ 13. bxc3 Ne5 14. 0-0-0 Bd7 15. e3 Rac8 16. Kb2 Rc5 17. Nf4 Rfc8 18. Rc1 Ng4 19. h3 Nxf2 20. Rh2 Rxc3 21. Rxc3 Nd1+ 22. Kc1 Nxc3 23. Kb2 Nd1+ 24. Kb1 Nxe3 25. Rh1 Ba4 26. h4 Rc2 27. Bh3 Nc4 28. Bf5 g6 29. Bc8 Na3+ 0-1

[Event "ITA-ch B"]
[Site "Civitanova Marche"]
[Date "2012.07.18"]
[Round "4"]
[White "Andrenelli, Adriano"]
[Black "Coqueraut, Jean Dominique"]
[Result "0-1"]
[WhiteElo "1934"]
[BlackElo "1809"]
[PlyCount "78"]
[EventDate "2012.07.15"]
[EventType "swiss"]
[EventRounds "8"]
[EventCountry "ITA"]
[SourceTitle "EXT 2023"]
[Source "ChessBase"]
[SourceDate "2022.10.05"]
[SourceVersion "1"]
[SourceVersionDate "2022.10.05"]
[SourceQuality "1"]

1. e4 e5 2. Nf3 d6 3. h3 Nf6 4. Nc3 Be7 5. d4 Nbd7 6. dxe5 dxe5 7. Bd3 0-0 8. 0-0 a6 9. Bg5 c6 10. Bh4 Qc7 11. Re1 Rd8 12. Bg3 b5 13. Qc1 Bd6 14. Bh4 Re8 15. a3 Bb7 16. Bf1 c5 17. Qd1 c4 18. Nd2 Bc5 19. Qf3 Bd4 20. Rad1 Bc6 21. Ndb1 Qb7 22. b3 cxb3 23. cxb3 Rac8 24. b4 Re6 25. Bd3 Nb6 26. Bc2 Nc4 27. Bb3 Rd6 28. Bc2 Bd7 29. Nd5 Nxd5 30. exd5 Qxd5 31. Be4 Qe6 32. Rxd4 Rxd4 33. Nc3 Nd2 34. Qg3 Nxe4 35. Nxe4 Rxe4 36. Rxe4 f6 37. Qd3 Bc6 38. Rg4 f5 39. Rd4 Qg6 0-1